<?xml version="1.0" encoding="UTF-8"?>
<record
    xmlns:xsi="http://www.w3.org/2001/XMLSchema-instance"
    xsi:schemaLocation="http://www.loc.gov/MARC21/slim http://www.loc.gov/standards/marcxml/schema/MARC21slim.xsd"
    xmlns="http://www.loc.gov/MARC21/slim">

  <leader>02341nam a2200505 i 4500</leader>
  <controlfield tag="001">000011002</controlfield>
  <controlfield tag="003">DO-SdBNP</controlfield>
  <controlfield tag="005">20251120120921.0</controlfield>
  <controlfield tag="007">ta</controlfield>
  <controlfield tag="008">091013s2003    mx            001 0 spa d</controlfield>
  <datafield tag="020" ind1=" " ind2=" ">
    <subfield code="a">9706135340 (colecci&#xF3;n)</subfield>
  </datafield>
  <datafield tag="020" ind1=" " ind2=" ">
    <subfield code="a">9706135359 (v. 1)</subfield>
  </datafield>
  <datafield tag="020" ind1=" " ind2=" ">
    <subfield code="a">9706135367 (v. 2)</subfield>
  </datafield>
  <datafield tag="020" ind1=" " ind2=" ">
    <subfield code="a">9706135375 (v. 3)</subfield>
  </datafield>
  <datafield tag="020" ind1=" " ind2=" ">
    <subfield code="a">9706135383 (v. 4)</subfield>
  </datafield>
  <datafield tag="020" ind1=" " ind2=" ">
    <subfield code="a">9706135391 (v. 5)</subfield>
  </datafield>
  <datafield tag="020" ind1=" " ind2=" ">
    <subfield code="a">9706135405 (v. 6)</subfield>
  </datafield>
  <datafield tag="020" ind1=" " ind2=" ">
    <subfield code="a">9706135413 (v. 7)</subfield>
  </datafield>
  <datafield tag="020" ind1=" " ind2=" ">
    <subfield code="a">9706135421 (v. 8)</subfield>
  </datafield>
  <datafield tag="040" ind1=" " ind2=" ">
    <subfield code="a">DO-SdBNP</subfield>
    <subfield code="b">spa</subfield>
    <subfield code="c">BNPHU</subfield>
    <subfield code="e">rda</subfield>
  </datafield>
  <datafield tag="082" ind1=" " ind2=" ">
    <subfield code="2">22</subfield>
    <subfield code="a">347</subfield>
    <subfield code="b">B582c</subfield>
  </datafield>
  <datafield tag="245" ind1="0" ind2="0">
    <subfield code="a">Biblioteca cl&#xE1;sicos del derecho</subfield>
  </datafield>
  <datafield tag="264" ind1=" " ind2="1">
    <subfield code="a">M&#xE9;xico, D.F. :</subfield>
    <subfield code="b">Oxford,</subfield>
    <subfield code="c">2003.</subfield>
  </datafield>
  <datafield tag="300" ind1=" " ind2=" ">
    <subfield code="a">8 vol&#xFA;menes </subfield>
    <subfield code="c">24 cm.</subfield>
  </datafield>
  <datafield tag="336" ind1=" " ind2=" ">
    <subfield code="2">rdacontent</subfield>
    <subfield code="a">texto</subfield>
    <subfield code="b">txt</subfield>
  </datafield>
  <datafield tag="337" ind1=" " ind2=" ">
    <subfield code="2">rdamedia</subfield>
    <subfield code="a">sin mediaci&#xF3;n</subfield>
    <subfield code="b">n</subfield>
  </datafield>
  <datafield tag="338" ind1=" " ind2=" ">
    <subfield code="2">rdacarrier</subfield>
    <subfield code="a">volumen</subfield>
    <subfield code="b">nc</subfield>
  </datafield>
  <datafield tag="505" ind1="0" ind2=" ">
    <subfield code="g">v.1 --</subfield>
    <subfield code="t">Tratado elemental de derecho civil --</subfield>
    <subfield code="r"> Julien Bonnecase /  </subfield>
    <subfield code="g">v.2 -- </subfield>
    <subfield code="t">Derecho procesal civil --</subfield>
    <subfield code="r">Piero Calamandrei / </subfield>
    <subfield code="g">v.3 -- </subfield>
    <subfield code="t">Derecho penal --</subfield>
    <subfield code="r"> Francesco Carrara / </subfield>
    <subfield code="g">v.4 -- </subfield>
    <subfield code="t">Derecho procesal civil y penal --</subfield>
    <subfield code="r"> Francesco Carnelutti / </subfield>
    <subfield code="g">v.5 --</subfield>
    <subfield code="t">Instituciones de derecho procesal civil -- </subfield>
    <subfield code="r">Francesco Carnelutti /  </subfield>
    <subfield code="g">v.6 -- </subfield>
    <subfield code="t">Curso de derecho procesal civil --</subfield>
    <subfield code="r">Guiseppe Chiovenda /</subfield>
    <subfield code="g"> v. 7 -- </subfield>
    <subfield code="t">Lecciones de derecho penal --</subfield>
    <subfield code="r">Luis Jim&#xE9;nez de As&#xFA;a / </subfield>
    <subfield code="g">v.8 -- </subfield>
    <subfield code="t">Derecho civil -- </subfield>
    <subfield code="r">Marcel Planiol , Georges Ripert /</subfield>
  </datafield>
  <datafield tag="590" ind1=" " ind2=" ">
    <subfield code="a">Inventariado, 2024/ YL</subfield>
  </datafield>
  <datafield tag="650" ind1=" " ind2="4">
    <subfield code="a">Derecho civil</subfield>
    <subfield code="v">Colecciones </subfield>
    <subfield code="9">5702</subfield>
  </datafield>
  <datafield tag="650" ind1=" " ind2="4">
    <subfield code="a">Procedimiento civil</subfield>
    <subfield code="v">Colecciones</subfield>
    <subfield code="9">13926</subfield>
  </datafield>
  <datafield tag="650" ind1=" " ind2="4">
    <subfield code="a">Derecho penal</subfield>
    <subfield code="v">Colecciones </subfield>
    <subfield code="9">17405</subfield>
  </datafield>
  <datafield tag="650" ind1=" " ind2="4">
    <subfield code="a">Procedimiento penal </subfield>
    <subfield code="v">Colecciones </subfield>
    <subfield code="9">554</subfield>
  </datafield>
  <datafield tag="700" ind1="1" ind2="2">
    <subfield code="a">Bonnecase, Julien</subfield>
    <subfield code="t">Tratado elemental de derecho civil</subfield>
    <subfield code="9">26429</subfield>
  </datafield>
  <datafield tag="700" ind1="1" ind2="2">
    <subfield code="a">Calamandrei, Piero</subfield>
    <subfield code="t">Derecho procesal civil</subfield>
    <subfield code="9">26430</subfield>
  </datafield>
  <datafield tag="700" ind1="1" ind2="2">
    <subfield code="a">Carrara, Francesco</subfield>
    <subfield code="d">1805-1888</subfield>
    <subfield code="t">Derecho penal</subfield>
    <subfield code="9">26431</subfield>
  </datafield>
  <datafield tag="700" ind1="1" ind2="2">
    <subfield code="a">Carnelutti, Francesco</subfield>
    <subfield code="t">Derecho procesal civil y penal</subfield>
    <subfield code="9">26432</subfield>
  </datafield>
  <datafield tag="700" ind1="1" ind2="2">
    <subfield code="a">Carnelutti, Francesco</subfield>
    <subfield code="t">Instituciones de derecho procesal civil</subfield>
    <subfield code="9">26433</subfield>
  </datafield>
  <datafield tag="700" ind1="1" ind2="2">
    <subfield code="a">Chiovenda, Guiseppe</subfield>
    <subfield code="t">Curso de derecho procesal civil</subfield>
    <subfield code="9">26434</subfield>
  </datafield>
  <datafield tag="700" ind1="1" ind2="2">
    <subfield code="a">Jim&#xE9;nez de As&#xFA;a, Luis</subfield>
    <subfield code="t">Lecciones de derecho penal</subfield>
    <subfield code="9">26435</subfield>
  </datafield>
  <datafield tag="700" ind1="1" ind2="2">
    <subfield code="a">Planiol, Marcel</subfield>
    <subfield code="t">Derecho civil</subfield>
    <subfield code="9">26436</subfield>
  </datafield>
  <datafield tag="700" ind1="1" ind2="2">
    <subfield code="a">Ripert, Georges</subfield>
    <subfield code="t">Derecho civil</subfield>
    <subfield code="9">26437</subfield>
  </datafield>
  <datafield tag="910" ind1=" " ind2=" ">
    <subfield code="a">Validado. Control de calidad BNPHU</subfield>
  </datafield>
  <datafield tag="942" ind1=" " ind2=" ">
    <subfield code="2">ddc</subfield>
    <subfield code="c">LBS1</subfield>
  </datafield>
  <datafield tag="952" ind1=" " ind2=" ">
    <subfield code="0">0</subfield>
    <subfield code="1">0</subfield>
    <subfield code="2">ddc</subfield>
    <subfield code="5">6</subfield>
    <subfield code="7">0</subfield>
    <subfield code="8">GR</subfield>
    <subfield code="a">BNPHU</subfield>
    <subfield code="b">BNPHU</subfield>
    <subfield code="c">HD</subfield>
    <subfield code="d">2008-05-19</subfield>
    <subfield code="e">Compra La casa de las enciclopedias</subfield>
    <subfield code="i">LF1</subfield>
    <subfield code="l">0</subfield>
    <subfield code="o">BNPHU GR 347 B582c,  </subfield>
    <subfield code="p">11002-10</subfield>
    <subfield code="r">2020-06-25</subfield>
    <subfield code="t">v. 1</subfield>
    <subfield code="w">2020-06-25</subfield>
    <subfield code="y">LBS1</subfield>
    <subfield code="z">Tratado elemental de derecho civil</subfield>
    <subfield code="Z">No se presta</subfield>
  </datafield>
  <datafield tag="952" ind1=" " ind2=" ">
    <subfield code="0">0</subfield>
    <subfield code="1">0</subfield>
    <subfield code="2">ddc</subfield>
    <subfield code="5">6</subfield>
    <subfield code="7">0</subfield>
    <subfield code="8">GR</subfield>
    <subfield code="a">BNPHU</subfield>
    <subfield code="b">BNPHU</subfield>
    <subfield code="c">CT</subfield>
    <subfield code="d">2008-05-19</subfield>
    <subfield code="e">Compra La casa de las enciclopedias</subfield>
    <subfield code="i">LF1</subfield>
    <subfield code="l">0</subfield>
    <subfield code="o">BNPHU GR 347 B582c </subfield>
    <subfield code="p">11002-20</subfield>
    <subfield code="r">2020-06-25</subfield>
    <subfield code="t">v. 2</subfield>
    <subfield code="w">2020-06-25</subfield>
    <subfield code="y">LBS1</subfield>
    <subfield code="z">Derecho procesal civil</subfield>
    <subfield code="Z">No se presta</subfield>
  </datafield>
  <datafield tag="952" ind1=" " ind2=" ">
    <subfield code="0">0</subfield>
    <subfield code="1">0</subfield>
    <subfield code="2">ddc</subfield>
    <subfield code="5">6</subfield>
    <subfield code="7">0</subfield>
    <subfield code="8">GR</subfield>
    <subfield code="a">BNPHU</subfield>
    <subfield code="b">BNPHU</subfield>
    <subfield code="c">CT</subfield>
    <subfield code="d">2008-05-19</subfield>
    <subfield code="e">Compra La casa de las enciclopedias</subfield>
    <subfield code="i">LF1</subfield>
    <subfield code="l">0</subfield>
    <subfield code="o">BNPHU GR 347 B582c </subfield>
    <subfield code="p">11002-30</subfield>
    <subfield code="r">2020-06-25</subfield>
    <subfield code="t">v. 3</subfield>
    <subfield code="w">2020-06-25</subfield>
    <subfield code="y">LBS1</subfield>
    <subfield code="z">Derecho penal</subfield>
    <subfield code="Z">No se presta</subfield>
  </datafield>
  <datafield tag="952" ind1=" " ind2=" ">
    <subfield code="0">0</subfield>
    <subfield code="1">0</subfield>
    <subfield code="2">ddc</subfield>
    <subfield code="5">6</subfield>
    <subfield code="7">0</subfield>
    <subfield code="8">GR</subfield>
    <subfield code="a">BNPHU</subfield>
    <subfield code="b">BNPHU</subfield>
    <subfield code="c">CT</subfield>
    <subfield code="d">2008-05-19</subfield>
    <subfield code="e">Compra La casa de las enciclopedias</subfield>
    <subfield code="i">LF1</subfield>
    <subfield code="l">0</subfield>
    <subfield code="o">BNPHU GR 347 B582c </subfield>
    <subfield code="p">11002-40</subfield>
    <subfield code="r">2020-06-25</subfield>
    <subfield code="t">v. 4</subfield>
    <subfield code="w">2020-06-25</subfield>
    <subfield code="y">LBS1</subfield>
    <subfield code="z">Derecho procesal civil y penal</subfield>
    <subfield code="Z">No se presta</subfield>
  </datafield>
  <datafield tag="952" ind1=" " ind2=" ">
    <subfield code="0">0</subfield>
    <subfield code="1">0</subfield>
    <subfield code="2">ddc</subfield>
    <subfield code="5">6</subfield>
    <subfield code="7">0</subfield>
    <subfield code="8">GR</subfield>
    <subfield code="a">BNPHU</subfield>
    <subfield code="b">BNPHU</subfield>
    <subfield code="c">BD</subfield>
    <subfield code="d">2008-05-19</subfield>
    <subfield code="e">Compra La casa de las enciclopedias</subfield>
    <subfield code="i">LF1</subfield>
    <subfield code="l">0</subfield>
    <subfield code="o">BNPHU GR 347 B582c </subfield>
    <subfield code="p">11002-50</subfield>
    <subfield code="r">2020-06-25</subfield>
    <subfield code="t">V. 5</subfield>
    <subfield code="w">2020-06-25</subfield>
    <subfield code="y">LBS1</subfield>
    <subfield code="z">Instituciones de derecho procesal civil </subfield>
    <subfield code="Z">No se presta</subfield>
  </datafield>
  <datafield tag="952" ind1=" " ind2=" ">
    <subfield code="0">0</subfield>
    <subfield code="1">0</subfield>
    <subfield code="2">ddc</subfield>
    <subfield code="5">6</subfield>
    <subfield code="7">0</subfield>
    <subfield code="8">GR</subfield>
    <subfield code="a">BNPHU</subfield>
    <subfield code="b">BNPHU</subfield>
    <subfield code="c">CT</subfield>
    <subfield code="d">2008-05-19</subfield>
    <subfield code="e">Compra La casa de las enciclopedias</subfield>
    <subfield code="i">LF1</subfield>
    <subfield code="l">0</subfield>
    <subfield code="o">BNPHU GR 347 B582c</subfield>
    <subfield code="p">11002-60</subfield>
    <subfield code="r">2020-06-25</subfield>
    <subfield code="t">V. 6</subfield>
    <subfield code="w">2020-06-25</subfield>
    <subfield code="y">LBS1</subfield>
    <subfield code="z">Curso de derecho procesal civil</subfield>
    <subfield code="Z">No se presta</subfield>
  </datafield>
  <datafield tag="952" ind1=" " ind2=" ">
    <subfield code="0">0</subfield>
    <subfield code="1">0</subfield>
    <subfield code="2">ddc</subfield>
    <subfield code="5">6</subfield>
    <subfield code="7">0</subfield>
    <subfield code="8">GR</subfield>
    <subfield code="a">BNPHU</subfield>
    <subfield code="b">BNPHU</subfield>
    <subfield code="c">CT</subfield>
    <subfield code="d">2008-05-19</subfield>
    <subfield code="e">Compra La casa de las enciclopedias</subfield>
    <subfield code="i">LF1</subfield>
    <subfield code="l">0</subfield>
    <subfield code="o">BNPHU GR 347 B582c </subfield>
    <subfield code="p">11002-70</subfield>
    <subfield code="r">2020-06-25</subfield>
    <subfield code="t">v. 7</subfield>
    <subfield code="w">2020-06-25</subfield>
    <subfield code="y">LBS1</subfield>
    <subfield code="z">Lecciones de derecho penal</subfield>
    <subfield code="Z">Pr&#xE9;stamo interno</subfield>
  </datafield>
  <datafield tag="952" ind1=" " ind2=" ">
    <subfield code="0">0</subfield>
    <subfield code="1">0</subfield>
    <subfield code="2">ddc</subfield>
    <subfield code="5">6</subfield>
    <subfield code="7">0</subfield>
    <subfield code="8">GR</subfield>
    <subfield code="a">BNPHU</subfield>
    <subfield code="b">BNPHU</subfield>
    <subfield code="c">CT</subfield>
    <subfield code="d">2008-05-19</subfield>
    <subfield code="e">Compra La casa de las enciclopedias</subfield>
    <subfield code="i">LF1</subfield>
    <subfield code="l">0</subfield>
    <subfield code="o">BNPHU GR 347 B582c </subfield>
    <subfield code="p">11002-80</subfield>
    <subfield code="r">2020-06-25</subfield>
    <subfield code="t">v. 8</subfield>
    <subfield code="w">2020-06-25</subfield>
    <subfield code="y">LBS1</subfield>
    <subfield code="z">Derecho civil</subfield>
    <subfield code="Z">Pr&#xE9;stamo interno</subfield>
  </datafield>
  <datafield tag="999" ind1=" " ind2=" ">
    <subfield code="c">10740</subfield>
    <subfield code="d">10740</subfield>
  </datafield>
</record>
